Dragon Ball par image - Niveau Expert - Statistiques

Statistiques générales
  • Ce quiz a été pris 177 fois
  • Le résultat moyen est 13 sur 28
Statistiques - réponses
Par images Réponse % Correct
Son Gohan
90%
Son Goten
80%
Puerh
79%
Lunch
78%
Paragus
77%
C8
76%
Janemba
74%
Marron
68%
Kibitoshin
67%
Yakon
55%
Gine
54%
Sauzer
51%
Gas
46%
Bactérie
41%
Bubbles
41%
San Shenron
41%
Apple
39%
Botamo
32%
Upa
32%
Roi de la Terre
28%
Sorbet
25%
Trunks
20%
Cymbale
15%
Dr Wheelo
14%
Panzy
13%
Arinsu
12%
Bujin
10%
Zunama
1%
Aucun quiz correspondant
Distribution des résultats
% des personnes avec chaque résultat
Percentile par nombre de réponses
Votre historique - résultats
Vous n’avez pas pris ce quiz